000
00264nam a22001217a 4500
008
180215b xxu||||| |||| 00| 0 eng d
041
_a
eng
080
_a
574
100
_a
9
101
_a
mje
245
_a
enviromental regulation
_c
barry.p.b
942
_2
udc
_c
BK
999
_c
42632
_d
42632